000 00563cam a22002171 4500
001 sa 65006501
003 DLC
005 20260227112142.0
008 890710s1962 ii c 000 0 telo
010 _asa 65006501
035 _a(OCoLC)19989026
040 _aDLC
_cWaU
_dDLC
042 _apremarc
050 0 0 _aPL4780.9.P713
_bP6 1962
100 1 _aPrabhuliṅgācāryulu, Kannekaṇṭi,
_d-1947.
245 0 0 _aPōtana.
260 _c[1962]
300 _a93 p.
_bport.
_c18 cm.
500 _aIn Telugu.
600 0 0 _aPōtana,
_dactive 15th century
_vPoetry.
999 _c64691
_d64691